Detalles MARC
| 000 -LEADER |
| fixed length control field |
03104nam a2200529Ii 4500 |
| 001 - CONTROL NUMBER |
| control field |
DIGUDROS0319 |
| 003 - CONTROL NUMBER IDENTIFIER |
| control field |
NyNyDIG |
| 008 - FIXED-LENGTH DATA ELEMENTS--GENERAL INFORMATION |
| fixed length control field |
171004s2016 ck ob 000 0 spa d |
| 006 - FIXED-LENGTH DATA ELEMENTS--ADDITIONAL MATERIAL CHARACTERISTICS |
| fixed length control field |
m o d |
| 007 - PHYSICAL DESCRIPTION FIXED FIELD--GENERAL INFORMATION |
| fixed length control field |
cr ||||||||||| |
| 035 ## - SYSTEM CONTROL NUMBER |
| System control number |
(OCoLC)981842596 |
| 040 ## - CATALOGING SOURCE |
| Original cataloging agency |
DGITA |
| Language of cataloging |
eng |
| Description conventions |
rda |
| -- |
pn |
| Transcribing agency |
DGITA |
| 020 ## - INTERNATIONAL STANDARD BOOK NUMBER |
| International Standard Book Number |
9789587387964 |
| Qualifying information |
(eBook ; |
| -- |
ePub) |
| 020 ## - INTERNATIONAL STANDARD BOOK NUMBER |
| International Standard Book Number |
9587387961 |
| Qualifying information |
(eBook ; |
| -- |
ePub) |
| 020 ## - INTERNATIONAL STANDARD BOOK NUMBER |
| Canceled/invalid ISBN |
9789587387957 |
| Qualifying information |
(rústica) |
| 020 ## - INTERNATIONAL STANDARD BOOK NUMBER |
| Canceled/invalid ISBN |
9587387953 |
| Qualifying information |
(rústica) |
| 041 0# - LANGUAGE CODE |
| Language code of text/sound track or separate title |
spa |
| Language code of summary or abstract |
eng |
| -- |
spa |
| 043 ## - GEOGRAPHIC AREA CODE |
| Geographic area code |
s-ck--- |
| 050 14 - LIBRARY OF CONGRESS CALL NUMBER |
| Classification number |
HQ1194 eBook |
| 082 04 - DEWEY DECIMAL CLASSIFICATION NUMBER |
| Classification number |
304.2082 |
| 245 03 - TITLE STATEMENT |
| Title |
El cuidado de la tierra : |
| Remainder of title |
mujer, ambiente y cambio climático / |
| Statement of responsibility, etc. |
Lina Marcela Muñoz Ávila, Leonardo Güiza Suárez, editores académicos. |
| 264 #1 - PRODUCTION, PUBLICATION, DISTRIBUTION, MANUFACTURE, AND COPYRIGHT NOTICE |
| Place of production, publication, distribution, manufacture |
Bogotá, D.C. : |
| Name of producer, publisher, distributor, manufacturer |
Editorial Universidad del Rosario, |
| Date of production, publication, distribution, manufacture, or copyright notice |
[2016] |
| 300 ## - PHYSICAL DESCRIPTION |
| Extent |
1 online resource. |
| 336 ## - CONTENT TYPE |
| Content type term |
text |
| Content type code |
txt |
| Source |
rdacontent |
| 337 ## - MEDIA TYPE |
| Media type term |
computer |
| Media type code |
c |
| Source |
rdamedia |
| 338 ## - CARRIER TYPE |
| Carrier type term |
online resource |
| Carrier type code |
cr |
| Source |
rdacarrier |
| 490 1# - SERIES STATEMENT |
| Series statement |
Colección Textos de jurisprudencia |
| 504 ## - BIBLIOGRAPHY, ETC. NOTE |
| Bibliography, etc. note |
Includes bibliographical references |
| 505 0# - FORMATTED CONTENTS NOTE |
| Formatted contents note |
Perspectiva feminina para la gobernanza ambiental y el desarrollo sostenible -- Ecofeminismo : integrando saberes, explicando la dominación / Ana Milena Coral Díz -- Incorporación del enfoque de género en la polítca ambiental en Colombia / Sara Sofía Moreno Gallo -- Género y dimensiones discursivas de cambio climático : lecciones para Colombia / Leonardo Güiza, Lina Correa -- Mujeres rurales, tierra y adaptación al cambio climático / Leonardo Güiza, Lina Correa -- Mujeres, grupos étnicos y cambio climático / Leonardo Güiza, Edier Buitrago -- Relatos de mujeres de la región centro-andina de Colombia sobresu rol en la protección del ambiente / Beatriz Londoño Toro, María Alejandra Lozano Amaya -- El papel de la mujer en la conservación del oso andino : estudio de caso en Cabrera, Cundinamarca / Leonardo Güiza, Cristhian David Rodríguez Barajas, Blanca Oliva Ríos Osofio -- Agricultura, zonas de protección ambiental y mujer : el caso del Páramo de Santurbán / Sebastián Senior Serrano. |
| 546 ## - LANGUAGE NOTE |
| Language note |
In Spanish; summaries in English and Spanish. |
| 588 0# - SOURCE OF DESCRIPTION NOTE |
| Source of description note |
Online resource; title from ePub title page (Digitalia, viewed October 8, 2017) |
| 650 #0 - SUBJECT ADDED ENTRY--TOPICAL TERM |
| Topical term or geographic name entry element |
Ecofeminism. |
| 650 #0 - SUBJECT ADDED ENTRY--TOPICAL TERM |
| Topical term or geographic name entry element |
Environmental policy |
| Geographic subdivision |
Colombia. |
| 650 #0 - SUBJECT ADDED ENTRY--TOPICAL TERM |
| Topical term or geographic name entry element |
Environmental protection |
| Geographic subdivision |
Colombia. |
| 650 #0 - SUBJECT ADDED ENTRY--TOPICAL TERM |
| Topical term or geographic name entry element |
Wildlife conservation |
| Geographic subdivision |
Colombia. |
| 650 #0 - SUBJECT ADDED ENTRY--TOPICAL TERM |
| Topical term or geographic name entry element |
Women in rural development |
| Geographic subdivision |
Colombia. |
| 655 #0 - INDEX TERM--GENRE/FORM |
| Genre/form data or focus term |
Electronic books. |
| 700 1# - ADDED ENTRY--PERSONAL NAME |
| Personal name |
Muñoz Ávila, Lina Marcela, |
| Relator term |
editor. |
| 700 1# - ADDED ENTRY--PERSONAL NAME |
| Personal name |
Güiza Suárez, Leonardo, |
| Relator term |
editor. |
| 791 2# - |
| -- |
Digitalia (Firm), |
| -- |
distributor. |
| 793 0# - |
| -- |
Digitalia eBook Collection: |
| -- |
Universidad del Rosario |
| 776 08 - ADDITIONAL PHYSICAL FORM ENTRY |
| Relationship information |
Print version: |
| Title |
Cuidado de la tierra. |
| Edition |
Primera edición. |
| Place, publisher, and date of publication |
Bogotá, Colombia : Universidad de Rosario, 2016 |
| International Standard Book Number |
9789587387957 |
| Record control number |
(OCoLC)982300152 |
| 830 #0 - SERIES ADDED ENTRY--UNIFORM TITLE |
| Uniform title |
Colección Textos de jurisprudencia. |
| 856 40 - ELECTRONIC LOCATION AND ACCESS |
| Materials specified |
Digitalia Hispánica |
| Uniform Resource Identifier |
<a href="https://www.digitaliapublishing.com/a/46574/">https://www.digitaliapublishing.com/a/46574/</a> |
| 910 ## - USER-OPTION DATA (OCLC) |
| User-option data |
Premium collection: 2017 |
| 942 ## - ADDED ENTRY ELEMENTS (KOHA) |
| Koha item type |
Recurso Electrónico |